| 000 -ლიდერი |
| ფიქსირებული სიგრძის საკონტროლო ველი |
00958nam a2200217Ia 4500 |
| 001 - საკონტროლო ნომერი |
| საკონტროლო ველი |
7990 |
| 003 - საკონტროლო ნომრის იდენტიფიკატორი |
| საკონტროლო ველი |
GE_BSU |
| 005 - ბოლო ოპერაციის თარიღი და დრო |
| საკონტროლო ველი |
20221004101025.0 |
| 008 - ფიქსირებული სიგრძის მონაცემთა ელემენტები - ზოგადი ინფორმაცია |
| ფიქსირებული სიგრძის საკონტროლო ველი |
181216s2013ge xx |||||||||||||| ||geo|| |
| 020 ## - წიგნის საერთაშორისო სტანდარტული ნომერი |
| International Standard Book Number |
9789941409981 |
| 040 ## - კატალოგიზაციის წყარო |
| Transcribing agency |
GE_BSU |
| 041 ## - ენის კოდი |
| Language code of text/sound track or separate title |
geo |
| 080 ## - უნივერსალური ათობითი კლასიფიკაციის ინდექსი |
| Universal Decimal Classification number |
811.13(042.4) ს-96 |
| 100 ## - მთავარი ჩანაწერი - პიროვნების სახელი |
| Personal name |
სურგულაძე, ნატალია |
| 9 (RLIN) |
5439 |
| 245 ## - ცნობა სათაურის შესახებ |
| Title |
შესავალი რომანულ ფილოლოგიაში : |
| Remainder of title |
სალექციო კურსი / |
| Statement of responsibility, etc |
ნატალია სურგულაძე, რედ. მარინე გიორგაძე |
| 264 ## - წარმოების, გამოცემის, დისტრიბუციის და სხვა ცნობები |
| გამოცემის, წარმოების, დისტრიბუციის... ადგილი |
ბათუმი : |
| გამოცემის, წარმოების, დისტრიბუციის... სახელწოდება |
შოთა რუსთაველის სახ. უნ-ტი, |
| გამოცემის, წარმოების, დისტრიბუციის... თარიღი |
2013. |
| 300 ## - ფიზიკური აღწერა |
| Extent |
126 გვ .: |
| Other physical details |
ილ. |
| Dimensions |
20 სმ,; |
| 653 ## - INDEX TERM--UNCONTROLLED |
| Uncontrolled term |
რომანული ენები |
| 700 ## - ADDED ENTRY--PERSONAL NAME |
| Personal name |
გიორგაძე, მარინე |
| Relator term |
რედაქტორი |
| 9 (RLIN) |
14993 |
| 942 ## - ADDED ENTRY ELEMENTS (KOHA) |
| Koha item type |
წიგნი |
| Source of classification or shelving scheme |
|